| 000 | 01407 a2200265 4500 | ||
|---|---|---|---|
| 003 | Nust | ||
| 005 | 20220801122734.0 | ||
| 010 | _a 2004004944 | ||
| 020 | _a0470857595 (cloth : alk. paper) | ||
| 040 | _cNust | ||
| 082 | 0 | 0 | _a539.77,POL |
| 100 | 1 |
_aPolushkin, Vladimir. _955761 |
|
| 245 | 1 | 0 |
_aNuclear electronics : _bsuperconducting detectors and processing techniques / _cVladimir Polushkin. |
| 260 |
_aChichester, West Sussex, England ; _aHoboken, NJ : _bJ. Wiley & Sons, _cc2004. |
||
| 300 |
_aviii, 394 p. : _bill. ; _c24 cm. |
||
| 505 | _aDetection Methods with Cryogenic Particle and Radiation Sensors (Page-1), Front end Rea-Out Electronic Circuits (Page-44), Energy Resolution (FWHM) of Superconducting Detectors (Page-129),Pulse Processing Electronics (Page-175), Applications of Systems Based on Superconducting Detectors (Page-233),Selected Topics of Analysis and Synthesis of Detector Systems (Page-278). | ||
| 650 | 0 |
_aMolecular electronics. _955763 |
|
| 650 | 0 |
_aNanotechnology. _92826 |
|
| 650 | 0 |
_aNuclear counters. _955762 |
|
| 650 | 0 |
_aSuperconductors. _934710 |
|
| 856 | 4 | 2 |
_3Contributor biographical information _uhttp://www.loc.gov/catdir/bios/wiley046/2004004944.html |
| 856 | 4 | 2 |
_3Publisher description _uhttp://www.loc.gov/catdir/description/wiley041/2004004944.html |
| 856 | 4 | 2 |
_3Table of contents _uhttp://www.loc.gov/catdir/toc/wiley041/2004004944.html |
| 942 |
_cREF _2ddc |
||
| 999 |
_c176931 _d176931 |
||